000 00274nam a2200097 4500
082 0 _a374
245 1 1 _aHandbook for adult learning materials at community level
260 _aTokyo
_bAsia/ Pacific Cultural Centre for UNESCO (ACCU)
_cc.2001
300 _a116 p.
942 _2ddc
_cBK
999 _c64484
_d64458